| 000 | 00503nam a2200181 i 4500 | ||
|---|---|---|---|
| 001 | 121381 | ||
| 003 | ES-MaACL | ||
| 005 | 20230906191738.0 | ||
| 007 | t| | ||
| 008 | 070214s1953 sp f |||| | spa d | ||
| 100 | 1 |
_aPla Cárceles, José. _992485 |
|
| 245 | 1 | 3 |
_aEl alma en pena de Gibraltar / _cJosé Pla Cárceles. |
| 250 | _a1ª ed. | ||
| 260 |
_aMadrid : _bJavier Morta, _c1953. |
||
| 300 |
_a279 p., 14 lám. ; _c20 cm. |
||
| 651 | 4 |
_aGibraltar- _xHistoria. _98744 |
|
| 852 |
_aES-MaACL _jD-9067 |
||
| 999 |
_c121381 _d121381 |
||